000 00589nam a2200205Ia 4500
999 _c7612
_d7612
020 _a9789350290125
082 _aRR 920.0254 KAL-M
100 _aKalita, S. Mitra
245 0 _aMy two Indias: a journey to the ends of opportunity
260 _aNoida
_bCollins Business
_c2010
300 _a211
504 _aincludes index
650 _aKalita, S.Mitra
_vBiography
650 _aIndia
_vBiography
650 _aKalita, S.Mitra
_vViews on India
650 _aIndia
_vSocial conditions
650 _aIndia
_vEconomic conditions
650 _aIndia
_vPolitics and government
942 _cBK